000 00566nam a22001697a 4500
005 20260218154036.0
008 260218b |||||||| |||| 00| 0 eng d
020 _a9789387791305
040 _cVITAP
082 _223
_a824 ANB
100 _aAnbu, V. Irai
_917118
245 _aRandom Thoughts
_c/ V. Irai Anbu
260 _aChennai
_bTHG Publishing Pvt Ltd.
_c2023
300 _a206p, ill.: 21cm
650 0 _aPersonal Development, Motivation & Success, Life Philosophy, Human Behaviour, Society & Values, Governance & Public Service etc.
_917121
942 _2ddc
_cBK
999 _c47292
_d47292